000 00554nam a2200169 a 4500
001 000039815
005 20201002033742.0
008 130723s1973 sp a 000 0 spa d
040 _aDO-SdBNP
_bspa
_cBNPHU
082 _axxx
100 1 _aVirgilio
_952866
245 1 0 _aBucólicas - Geórgicas Eneida /
_cVirgilio ; traducción Eugenio de Ochoa ; prólogo Rafael Pérez Delgado.
260 _aMadrid :
_bGiner,
_c1973.
300 _a376 p. :
_bil. ;
_c22 cm.
700 1 _aOchoa, Eugenio de,
_etr.
_927716
700 1 _aPérez Delgado, Rafael,
_epról.
_913830
999 _c39305
_d39305